000 00438nam a2200169Ia 4500
008 221030s9999 xx 000 0 und d
020 _a8170293774
041 _aEnglish
082 _a105.23
_bSal
100 _aR. S. Salaria
245 0 _aProgramming in Microsoft Fortran 77 for IBM PC & Compatibles
_cby R. S. Salaria
250 _a2nd
260 _bBPB Pub
_aNew Delhi
_c1996
300 _a351
650 _aBE Computer
942 _cBK
999 _c4792
_d4792